| 000 | 00319nam a22001097a 4500 | ||
|---|---|---|---|
| 008 | 230731b xxu||||| |||| 00| 0 eng d | ||
| 082 |
_a362.58 _bDDC 1999 |
||
| 245 | _aNational Poverty Eradication Plan 1999 - 2015 | ||
| 260 |
_aKenya _bDepartment of Development Co-ordination _c1999 |
||
| 300 | _aXVI,99p | ||
| 942 |
_2ddc _cBK |
||
| 999 |
_c4024 _d4024 |
||